| 000 | 00791nam a2200217 a 4500 | ||
|---|---|---|---|
| 005 | 20250904093636.0 | ||
| 008 | 040216s1998 mx r 000 0 spa d | ||
| 020 | _a9682321263 | ||
| 035 | _aUPN01000131875 | ||
| 049 | _aCG | ||
| 050 | 4 |
_aHD2356 A4.4 _bG7.3 |
|
| 245 | 0 | 0 |
_aGrandes empresas y grupos industriales latinoamericanos : _bexpansión y desafíos en la era de la apertura y la globalización / _cCelso Garrido ... [et al.] ; coord. Wilson Peres. |
| 260 |
_aMéxico : _bSiglo XXI, _c1998. |
||
| 300 | _a472 p. | ||
| 440 | 0 | _aEconomía y demografía | |
| 650 | 4 |
_aCONCENTRACION INDUSTRIAL - _zAMERICA LATINA _910909 |
|
| 650 | 4 |
_aCompetencia económica _zAmérica Latina _910730 |
|
| 700 | 1 |
_aGarrido, Celso, _ecoaut. _934079 |
|
| 700 | 1 |
_aPeres, Wilson, _ecoord. |
|
| 905 | _aLibro | ||
| 999 |
_c104030 _d104030 |
||